| 000 | 01087nam a22002535i 4500 | ||
|---|---|---|---|
| 001 | 14196 | ||
| 003 | ES-MaACL | ||
| 005 | 20230906150737.0 | ||
| 007 | t| | ||
| 008 | 921112s1991 sp a c |||| | spa j | ||
| 020 | _a84-7907-048-X | ||
| 080 | _a017.1(460.154 Oñate) | ||
| 080 | _a016:093 | ||
| 080 | _a016:094"15" | ||
| 110 | 2 |
_aUniversidad de Oñate. _bBiblioteca. _9169743 |
|
| 245 | 1 | 0 |
_aCatálogo de incunables e impresos del siglo XVI de la Biblioteca de la Universidad de Oñati _b= Oñatiko Unibertsitateko Liburutegiko XVI. mendeko inpreso eta inkunableen katalogoa / _cGerardo Luzuriaga Sánchez. |
| 260 |
_a[San Sebastián] : _bDiputación Foral de Guipúzcoa, Departamento de Cultura, Educación, Deportes y Turismo, _c1991. |
||
| 300 |
_a268 p. : _bil. ; _c24 cm. |
||
| 500 | _aIntroducción en vasco y castellano. | ||
| 504 | _aBibliografía: p. 41. | ||
| 650 | 1 | 4 |
_aIncunables- _zUniversidad de Oñate. Biblioteca- _vCatálogos. _913661 |
| 650 | 1 | 4 |
_aLibros antiguos- _yS.XVI- _zUniversidad de Oñate. Biblioteca- _vCatálogos. _9169744 |
| 852 |
_aES-MaACL _jL-21477 |
||
| 999 |
_c14196 _d14196 |
||